000 00262nam a22001097a 4500
041 _aeng
080 _a80
100 _aИванов, А. О.
245 _aАнглийские разговорные формулы.
650 _aEnglish Practice
999 _c280051
_d280051
942 _cBK